000 00238nam a22001097a 4500
040 _cDLC
082 _a891.4391
_bGHA
100 _aGhalib
_987234
245 _aIntikhaab Qalam Ghalib
_cMir Taqi Mir
260 _a?
_b?
_c?
942 _2ddc
_cBK
999 _c587485
_d587485